| 000 | 01432cam a2200337Ia 4500 | ||
|---|---|---|---|
| 001 | bearersofsun00fost | ||
| 003 | CaSfIA | ||
| 005 | 20210117191716.0 | ||
| 007 | cr|||| | ||
| 008 | 850924s1984 bcc 000 1 eng d | ||
| 040 |
_aEEM _cEEM _dNLC _dBAKER _dOCLCG _dCaSfIA |
||
| 016 | _a840913575 | ||
| 019 | _a15974731 | ||
| 020 | _a0969034121 | ||
| 020 | _a9780969034124 | ||
| 035 |
_a(OCoLC)12595010 _z(OCoLC)15974731 |
||
| 050 | 4 |
_aPR9199.3.F67 _bB42 1984 |
|
| 055 | 0 | 2 | _aPS8561* |
| 082 | 0 |
_aC813/.54 _219 |
|
| 100 | 1 |
_aFoster, Chris, _d1932- |
|
| 245 | 1 | 0 |
_aBearers of the sun / _h[electronic resource] _cChris Foster. |
| 260 |
_aMile House, B.C. : _bIntegrity International, _c1984. |
||
| 300 |
_a199 p. ; _c22 cm. |
||
| 856 | 4 | 1 |
_uhttp://www.archive.org/details/bearersofsun00fost _zFree eBook from the Internet Archive |
| 856 | 4 | 2 |
_uhttp://www.openlibrary.org/books/OL20514041M _zAdditional information and access via Open Library |
| 029 | 1 |
_aNLC _b840913575 |
|
| 999 |
_c472275 _d472275 |
||
| 942 | _cEB | ||
| 506 | _fНеобхідна авторизація на https://archive.org/ (створення облікового запису безкоштовно) | ||
| 506 | _fНеобхідна авторизація на https://openlibrary.org/ (створення облікового запису безкоштовно) | ||